Lo público y lo privado en el Derecho. Estudios en homenaje al profesor Enrique Barros Bourie.
שמור ב:
| מחברים אחרים: | , |
|---|---|
| פורמט: | ספר |
| שפה: | ספרדית |
| יצא לאור: |
Santiago, Chile:
Thomson Reuters,
2017.
|
| מהדורה: | 1a. edición. |
| נושאים: | |
| תגים: |
הוספת תג
אין תגיות, היה/י הראשונ/ה לתייג את הרשומה!
|
MARC
| LEADER | 00000cam a2200000 a 4500 | ||
|---|---|---|---|
| 001 | UCC0665 | ||
| 003 | CL-VaPUC | ||
| 005 | 20231003111930.0 | ||
| 008 | 170825e20170000cl |||||||||||||||||spa|d | ||
| 999 | |c 369432 |d 369430 | ||
| 020 | |a 978-956-346-885-4 | ||
| 040 | |c Pontificia Universidad Católica de Valparaíso | ||
| 082 | 0 | 4 | |a 346.8302 SCH 2017 |2 21 |
| 100 | 0 | |a Schopf Olea, Adrián |e editor |9 594660 | |
| 245 | 1 | 3 | |a Lo público y lo privado en el Derecho. |b Estudios en homenaje al profesor Enrique Barros Bourie. |
| 250 | |a 1a. edición. | ||
| 260 | |a Santiago, Chile: |b Thomson Reuters, |c 2017. | ||
| 300 | |a XXIV, 1196 páginas. | ||
| 500 | |a c.2 Donación Familia Prof. Alejandro Guzmán Brito. | ||
| 505 | |a FILOSOFÍA, TEORÍA Y METODOLOGÍA DEL DERECHO El mito de Montesquieu / Antonio Bascuñán Rodríguez Necesidad de justificación de las interpretaciones / Fernando Quintana Bravo ¿Filosofía del derecho privado? / Esteban Pereira Fredes Concepto de responsabilidad y estructura de los modelos de imputación / Javier Wilenmann von Bernath DERECHO CONSTITUCIONAL, ADMINISTRATIVO Y REGULATORIO Desacuerdos constitucionales / Agustín Squella Narducci Partidos políticos y reformas constitucionales en Chile (1828-1989) / Lucas Sierra Iribarren Reflexiones sobre las acciones en derecho administrativo / José Miguel Valdivia Olivares Lo público y lo privado en el derecho de la competencia / Nicolás Rojas Covarrubias DERECHO CIVIL CONTRATOS Error en la declaración, interpretación y responsabilidad in contrahendo / Antonio-Manuel Morales Moreno La naturaleza recíproca del problema: A propósito de la excusabilidad del error / Íñigo de la Maza Gazmuri Las buenas costumbres en el derecho privado / Adrián Schopf Olea Relación entre previsibilidad y culpa del acreedor como factores de delimitación de la responsabilidad contractual / Lilian C. San Martín Neira Riesgo del contrato, incumplimiento contractual y remedios. Una relectura para el Derecho Civil chileno / Carlos Pizarro Wilson y Álvaro Vidal Olivares El papel del unilateralismo en el derecho de los contratos. Tres tópicos: Determinación del precio, modificación y resolución por incumplimiento / Sebastián Ríos Labbé RESPONSABILIDAD EXTRACONTRACTUAL La responsabilidad solidaria de los coautores de un ilícito extracontractual / Hernán Corral Talciani Incertidumbre, probabilidad y prueba de la causalidad en el derecho de daños. Análisis de la doctrina del incremento del riesgo a más del doble / Daniela Accatino Scagliotti La causalidad en casos de responsabilidad civil por mesotelioma: Una mirada al derecho chileno e inglés / Cristián Banfi del Río La resolución de calificación ambiental como fuente y límite de la culpa en la responsabilidad por daño ambiental / Alberto Barros Bordeu Divorcio por culpa y responsabilidad extracontractual del cónyuge infiel en la jurisprudencia alemana / Susan Turner Saelzer La legitimación activa del conviviente civil en las indemnizaciones de daños y perjuicios causados por un tercero al otro conviviente: La polémica redacción del artículo 20 de la Ley Nº 20.830, que Crea el Acuerdo de Unión Civil / Susana Espada Mallorquín Derecho real y derecho personal. La frontera difusa / Daniel Peñailillo Arévalo Dominio de los bienes adquiridos a título oneroso entre la disolución y la liquidación de la sociedad conyugal / Eduardo Court Murasso Lo público y lo privado en la protección de los monumentos en Chile / María Agnes Salah Abusleme DERECHO PROCESAL Algunos aspectos civiles de la casación / Ramón Domínguez Águila El recurso de casación en el sistema procesal civil chileno, ¿por qué constituye una instancia más? / Juan Carlos Marín González El recurso de unificación de jurisprudencia laboral como modelo / Rodrigo P. Correa González | ||
| 583 | |a last modification |c 20170825 13:52:00 |k Rodrigo Vera | ||
| 600 | |a Barros Bourie, Enrique |d 1946- |x Homenajes |9 883855 | ||
| 650 | 0 | |a Derecho público |9 255910 | |
| 650 | 0 | |a Derecho privado |9 258243 | |
| 700 | |a Marín González, Juan Carlos |e editor |9 748893 | ||
| 942 | |c BK |2 ddc |n 0 | ||
| 945 | |d 20170825 13:52:00 |a arojas | ||
| 952 | |0 0 |1 0 |3 erd |4 0 |6 346_830200000000000_SCH_2017 |7 0 |8 A |9 485234 |a BIBDER |b BIBDER |i 5417619 |l 6 |m 2 |o 346.8302 SCH 2017 |p 5417619 |q 2025-12-31 |r 2024-12-03 |s 2024-12-03 |w 2019-11-24 |y BK |z Catalogado en:20170825 |k DER | ||
| 952 | |0 0 |1 0 |2 ddc |4 0 |6 346_830200000000000_SCH_2017 |7 1 |8 C_AGB |9 581262 |a BIBDER |b BIBDER |d 2022-02-09 |e Donación |i 5646081 |l 1 |o 346.8302 SCH 2017 |p 5646081 |r 2025-01-20 |s 2025-01-20 |t 2 |w 2022-02-09 |y BK_US |k AGB | ||